000 00698nam a2200193 a 4500
001 000023680
005 20200930022405.0
008 101218s1970 xxu r 000 0 spa d
040 _aDO-SdBNP
_bspa
_cBNPHU
082 _axxxxx
_bY31n
100 1 _aYate, Kyle M.
_948779
245 1 0 _aNociones esenciales del hebreo bíblico /
_cKyle M. Yates ; revisión Juan José Owens ; traducción S. Daniel Daglio.
260 _aTexas :
_bCasa Bautista de Publicaicones,
_c1970.
300 _a301 p. ;
_c20 cm.
650 4 _aKyle m. yates ; revisión juan josé owens ; traducción s. daniel daglio
_948780
700 1 _aOwens, Juan José
_948781
700 1 _aDaglio, S. Daniel,
_etr.
_948782
049 _aBNGR
999 _c23176
_d23176